Osteuropa trotzt dem globalen Gegenwind (Record no. 8807)

MARC details
000 -LEADER
fixed length control field 04964nam a22008657u 4500
001 - CONTROL NUMBER
control field pwiiw4964
003 - CONTROL NUMBER IDENTIFIER
control field OSt
005 - DATE AND TIME OF LATEST TRANSACTION
control field 20260516120049.0
008 - FIXED-LENGTH DATA ELEMENTS--GENERAL INFORMATION
fixed length control field 190705t2019 au ||||| |||||||| ||ger d
040 ## - CATALOGING SOURCE
Transcribing agency OSt
041 ## - LANGUAGE CODE
Language code of text/sound track or separate title ger
084 ## - OTHER CLASSIFICATION NUMBER
Classification number E20
-- E66
-- O52
-- O57
-- P24
-- P27
-- P33
-- P52
Number source jelc
100 1# - MAIN ENTRY--PERSONAL NAME
Personal name Grübler, Julia
245 10 - TITLE STATEMENT
Title Osteuropa trotzt dem globalen Gegenwind
260 ## - PUBLICATION, DISTRIBUTION, ETC.
Place of publication, distribution, etc. Wien :
Name of publisher, distributor, etc. Wiener Institut für Internationale Wirtschaftsvergleiche (wiiw),
Date of publication, distribution, etc. 2019.
300 ## - PHYSICAL DESCRIPTION
Extent 91 S.,
Other physical details 109 Tables and 22 Figures,
Dimensions 30cm.
490 1# - SERIES STATEMENT
Series statement wiiw Research Reports in German Language
Volume/sequential designation 14
520 ## - SUMMARY, ETC.
Summary, etc. This publication is available in German language only.<br/><br/>For a brief English summary see further below.<br/><br/>Die Konjunktur in den mittel-, ost- und südosteuropäischen Ländern (MOSOEL) kühlt sich zwar ab, aber viel weniger als noch im Frühjahr erwartet: Die Prognosen für heuer wurden für die Mehrheit der Länder nach oben revidiert. Vor allem in der EU-MOE-Region hat sich das Wachstum vom Abschwung im Euro-Raum recht deutlich abgekoppelt. In einigen Ländern mehren sich sogar die Anzeichen einer Überhitzung, die allerdings nur in Rumänien Anlass zur Sorge gibt. Die Westbalkanländer profitieren von steigenden FDI-Zuflüssen, mehrere GUS-Länder von der expansiven Fiskalpolitik. In Russland dagegen hat der restriktive fiskalpolitische Kurs die Wirtschaft an den Rand einer Rezession gebracht. Die Wirtschaftskrise in der Türkei erwies sich zwar tiefer als früher erwartet, dürfte aber spätestens 2020 überwunden sein.<br/><br/>Insbesondere die Visegrád-Staaten gehören zu Österreichs wichtigsten Wirtschaftspartnern. Ihnen waren im Jahr 2018 mehr als 10% des österreichischen Güterhandels, 20% der Einkommen aus Direktinvestitionen sowie 40% der Auslandsforderungen österreichischer Banken zuzurechnen. Gleichzeitig sind sie auch EU-Mitglieder mit brisanten politischen und wirtschaftlichen Herausforderungen, von welchen auch Österreich nicht unberührt bleiben wird.<br/><br/>English Summary<br/><br/>Eastern Europe standing firm in face of global headwinds<br/><br/>The economy in the Central, East and Southeast European countries (CESEE) is cooling down, but much less than expected in the spring: the forecasts for this year have been revised upwards for the majority of countries. Particularly in the EU-CEE region, growth has decoupled quite clearly from the downturn in the euro area. In several countries there are even signs of overheating, although only in Romania this is a cause for concern. The Western Balkans are benefiting from rising FDI inflows, while several CIS countries from expansionary fiscal policy. In Russia, on the other hand, the restrictive fiscal policy has brought the economy to the brink of recession. Although the economic crisis in Turkey proved to be deeper than previously expected, it should be overcome by 2020 at the latest.<br/><br/>The Visegrád countries, in particular, prove very important for the Austrian economy. In 2018, they accounted for more than 10% of Austrian goods trade, 20% of income generated by Austrian investment abroad, as well as 40% of foreign claims of Austrian banks. At the same time, they are among the EU Member States facing increasing political and economic challenges, by which Austria will not be unaffected.<br/>
650 ## - SUBJECT ADDED ENTRY--TOPICAL TERM
Topical term or geographic name entry element Konjunkturprognose
650 ## - SUBJECT ADDED ENTRY--TOPICAL TERM
Topical term or geographic name entry element Mittelosteuropa
650 ## - SUBJECT ADDED ENTRY--TOPICAL TERM
Topical term or geographic name entry element Westbalkan
650 ## - SUBJECT ADDED ENTRY--TOPICAL TERM
Topical term or geographic name entry element Visegrád
650 ## - SUBJECT ADDED ENTRY--TOPICAL TERM
Topical term or geographic name entry element Österreich
650 ## - SUBJECT ADDED ENTRY--TOPICAL TERM
Topical term or geographic name entry element EU-Osterweiterung
650 ## - SUBJECT ADDED ENTRY--TOPICAL TERM
Topical term or geographic name entry element Außenhandel
650 ## - SUBJECT ADDED ENTRY--TOPICAL TERM
Topical term or geographic name entry element Investitionen
650 ## - SUBJECT ADDED ENTRY--TOPICAL TERM
Topical term or geographic name entry element FDI
650 ## - SUBJECT ADDED ENTRY--TOPICAL TERM
Topical term or geographic name entry element Automatisierung
650 ## - SUBJECT ADDED ENTRY--TOPICAL TERM
Topical term or geographic name entry element Arbeitskräftemangel
650 ## - SUBJECT ADDED ENTRY--TOPICAL TERM
Topical term or geographic name entry element Migration
650 ## - SUBJECT ADDED ENTRY--TOPICAL TERM
Topical term or geographic name entry element economic forecast
650 ## - SUBJECT ADDED ENTRY--TOPICAL TERM
Topical term or geographic name entry element Central and Eastern Europe
650 ## - SUBJECT ADDED ENTRY--TOPICAL TERM
Topical term or geographic name entry element Western Balkans
650 ## - SUBJECT ADDED ENTRY--TOPICAL TERM
Topical term or geographic name entry element Visegrád
650 ## - SUBJECT ADDED ENTRY--TOPICAL TERM
Topical term or geographic name entry element Austria
650 ## - SUBJECT ADDED ENTRY--TOPICAL TERM
Topical term or geographic name entry element EU Eastern Enlargement
650 ## - SUBJECT ADDED ENTRY--TOPICAL TERM
Topical term or geographic name entry element international trade
650 ## - SUBJECT ADDED ENTRY--TOPICAL TERM
Topical term or geographic name entry element investment
650 ## - SUBJECT ADDED ENTRY--TOPICAL TERM
Topical term or geographic name entry element FDI
650 ## - SUBJECT ADDED ENTRY--TOPICAL TERM
Topical term or geographic name entry element automation
650 ## - SUBJECT ADDED ENTRY--TOPICAL TERM
Topical term or geographic name entry element labour shortages
650 ## - SUBJECT ADDED ENTRY--TOPICAL TERM
Topical term or geographic name entry element migration
651 ## - SUBJECT ADDED ENTRY--GEOGRAPHIC NAME
Geographic name Austria
651 ## - SUBJECT ADDED ENTRY--GEOGRAPHIC NAME
Geographic name Albania
651 ## - SUBJECT ADDED ENTRY--GEOGRAPHIC NAME
Geographic name Belarus
651 ## - SUBJECT ADDED ENTRY--GEOGRAPHIC NAME
Geographic name Bosnia and Herzegovina
651 ## - SUBJECT ADDED ENTRY--GEOGRAPHIC NAME
Geographic name Bulgaria
651 ## - SUBJECT ADDED ENTRY--GEOGRAPHIC NAME
Geographic name Croatia
651 ## - SUBJECT ADDED ENTRY--GEOGRAPHIC NAME
Geographic name Czechia
651 ## - SUBJECT ADDED ENTRY--GEOGRAPHIC NAME
Geographic name Estonia
651 ## - SUBJECT ADDED ENTRY--GEOGRAPHIC NAME
Geographic name European Union
651 ## - SUBJECT ADDED ENTRY--GEOGRAPHIC NAME
Geographic name Hungary
651 ## - SUBJECT ADDED ENTRY--GEOGRAPHIC NAME
Geographic name Kazakhstan
651 ## - SUBJECT ADDED ENTRY--GEOGRAPHIC NAME
Geographic name Kosovo
651 ## - SUBJECT ADDED ENTRY--GEOGRAPHIC NAME
Geographic name Latvia
651 ## - SUBJECT ADDED ENTRY--GEOGRAPHIC NAME
Geographic name Lithuania
651 ## - SUBJECT ADDED ENTRY--GEOGRAPHIC NAME
Geographic name Moldova
651 ## - SUBJECT ADDED ENTRY--GEOGRAPHIC NAME
Geographic name Montenegro
651 ## - SUBJECT ADDED ENTRY--GEOGRAPHIC NAME
Geographic name North Macedonia
651 ## - SUBJECT ADDED ENTRY--GEOGRAPHIC NAME
Geographic name Poland
651 ## - SUBJECT ADDED ENTRY--GEOGRAPHIC NAME
Geographic name Romania
651 ## - SUBJECT ADDED ENTRY--GEOGRAPHIC NAME
Geographic name Russia
651 ## - SUBJECT ADDED ENTRY--GEOGRAPHIC NAME
Geographic name Serbia
651 ## - SUBJECT ADDED ENTRY--GEOGRAPHIC NAME
Geographic name Slovakia
651 ## - SUBJECT ADDED ENTRY--GEOGRAPHIC NAME
Geographic name Slovenia
651 ## - SUBJECT ADDED ENTRY--GEOGRAPHIC NAME
Geographic name Turkey
651 ## - SUBJECT ADDED ENTRY--GEOGRAPHIC NAME
Geographic name Ukraine
690 ## - LOCAL SUBJECT ADDED ENTRY--TOPICAL TERM (OCLC, RLIN)
Topical term or geographic name as entry element Macroeconomic Analysis and Policy
690 ## - LOCAL SUBJECT ADDED ENTRY--TOPICAL TERM (OCLC, RLIN)
Topical term or geographic name as entry element Labour, Migration and Income Distribution
690 ## - LOCAL SUBJECT ADDED ENTRY--TOPICAL TERM (OCLC, RLIN)
Topical term or geographic name as entry element International Trade, Competitiveness and FDI
700 1# - ADDED ENTRY--PERSONAL NAME
Personal name Astrov, Vasily
830 #0 - SERIES ADDED ENTRY--UNIFORM TITLE
Volume/sequential designation 14
Bibliographic record control number WIIW0000108
Title of a work wiiw Research Reports in German Language
856 40 - ELECTRONIC LOCATION AND ACCESS
Uniform Resource Identifier <a href="https://wiiw.ac.at/p-4964.html">https://wiiw.ac.at/p-4964.html</a>
942 ## - ADDED ENTRY ELEMENTS (KOHA)
Koha item type Paper
Holdings
Withdrawn status Lost status Damaged status Not for loan Home library Current library Shelving location Date acquired Inventory number Total Checkouts Barcode Date last seen Price effective from Koha item type
        WIIW WIIW Library 07/05/2019 pwiiw4964   1000010004964 07/05/2019 07/04/2019 Paper
The Vienna Instiute for International Economic Studies (wiiw)